000 00456nam a2200145Ia 4500
008 151213s9999 xx 000 0 und d
100 _aGoldsmith / Edited by A. S. Collings
245 _aThe Vicar of Wakefield
_cGoldsmith / Edited by A. S. Collings
260 _aLondon
_bUniversity Tutorial Press
300 _a11786 p.
650 _aEnglish Literature
650 _aEnglish Literature
700 _aGoldsmith / Edited by A. S. Collings
999 _c5030
_d5030